00671nam a22002177a 4500003000500000005001700005008004100022010000900063011000900072035000900081040000900090082001500099110004700114245009800161260003700259300002000296650002600316650001300342650004100355650005700396CHAP20220329133557.0971013s1992 r 00010 d a8112 a9084 a8318 cCHAP a631.6bA53 aAmerican Society of Agricultural Engineers aDrainage and water table controlb: proceedings of the Sixth International Drainage Symposium aSt. Joseph, Mich. :bASAE,c1992 a501 p.b: ilus.14aAgua para irrigacion.14aDrenaje.14aIrrigaciónxModelos matemáticos.14aProcesamiento automático de datos en irrigación.